Дело об уплате в пользу городов Новгородской губернии за 1874 год оценочного сбора за квартиры, занимаемые в казённых зданиях до...

Доступно только в Электронных читальных залах Найти на картеНа карте
RUSMARC
00004321nmc2a22000003x 450
0017ceffd44-c58e-40cf-962d-7dd65912d474
00520210420214429.0
100##$a20190328l18731874k l0rusy0189 ca
1010#$arus
102##$aRU
2001#$aДело об уплате в пользу городов Новгородской губернии за 1874 год оценочного сбора за квартиры, занимаемые в казённых зданиях должностными лицами
$j6 ноября 1873 г. - 4 ноября 1874 г.
$hЧасть 33
251##$cДело
300##$aДело
300##$aОриг. заголовок дела: Дело об уплате оценочного в пользу городов Новгородской губернии сбора за казённые здания, занятые квартирами должностных лиц. Часть 33. 6 ноября 1873 г. - 4 ноября 1874 г
801#0$aRU
$bРГИА
$c20190328
$gRCR
801#1$aRU
$bГлавНИВЦ
$c20190328
$2rusmarc
801#2$aRU
$bПБ им. Б.Н. Ельцина
$c20210420
$gRCR
$2rusmarc
850##$aРГИА
852##$aРГИА
$eФедеральное казенное учреждение "Российский государственный исторический архив" (РГИА)
$j840
937##$hРГИА
$d12311437
$aASBIBLIO_SCAN
462#0$10014af67a45-48db-4e4b-9cc3-13b4608e89f1
$12001
$aДела Департамента полиции исполнительной МВД за 1873 год
$1251
$cОпись
$1852
$j34
$l1873 г.
461#0$10013e300ed0-cd39-49af-8489-5ba5b90fa401
$12001
$aДепартамент полиции исполнительной МВД
$1251
$cФонд
$1852
$j1286
215##$a22 л.
$d36,5х26 см
371##$aДокумент не является опубликованным и широко распространяемым
105##$ay###
1222#$ad
5171#$aДело об уплате оценочного в пользу городов Новгородской губернии сбора за казённые здания, занятые квартирами должностных лиц. Часть 33. 6 ноября 1873 г. - 4 ноября 1874 г
035##$a7ceffd44-c58e-40cf-962d-7dd65912d474
856##$uhttp://readingroom.main.prlib.ru/item.aspx?id_node=n162808342&mode=full
Формат отображения